ბათუმის შოთა რუსთაველის სახელმწიფო უნივერსიტეტის ბიბლიოთეკა

გალაკტიონ ტაბიძე : (ბიბ.ჩანაწერი № 60933)

000 -ლიდერი
ფიქსირებული სიგრძის საკონტროლო ველი 02016nam a2200229 4500
003 - საკონტროლო ნომრის იდენტიფიკატორი
საკონტროლო ველი Ge_BSU
005 - ბოლო ოპერაციის თარიღი და დრო
საკონტროლო ველი 20231124101755.0
008 - ფიქსირებული სიგრძის მონაცემთა ელემენტები - ზოგადი ინფორმაცია
ფიქსირებული სიგრძის საკონტროლო ველი 231124s2023 ge ||||| |||| 00| 0 geo d
041 ## - ენის კოდი
Language code of text/sound track or separate title geo
080 ## - უნივერსალური ათობითი კლასიფიკაციის ინდექსი
Universal Decimal Classification number 821.353.1-94 კ-46
100 ## - მთავარი ჩანაწერი - პიროვნების სახელი
Personal name კვიტაიშვილი, ემზარ
Relator term შემდგენელი
9 (RLIN) 16077
245 ## - ცნობა სათაურის შესახებ
Title გალაკტიონ ტაბიძე :
Remainder of title [ცხოვრება და შემოქმედება] /
Statement of responsibility, etc რედაქტორ-შემდგენლები: ემზარ კვიტაიშვილი, ვალერი ასათიანი ; იდეის ავტორი ვახტანგ ვეფხვაძე ; ფოტოსურათები მოამზადა დემიკო ლოლაძემ ; დიზაინერი კახა ბახტაძე.
264 ## - წარმოების, გამოცემის, დისტრიბუციის და სხვა ცნობები
გამოცემის, წარმოების, დისტრიბუციის... ადგილი თბილისი :
გამოცემის, წარმოების, დისტრიბუციის... სახელწოდება პოლარის პრინტი,
გამოცემის, წარმოების, დისტრიბუციის... თარიღი 2023.
300 ## - ფიზიკური აღწერა
Extent 368 გვ. :
Other physical details ფოტ. ;
Dimensions 25 სმ.
500 ## - ზოგადი შენიშვნა
General note ფოტოსურათები აღებულია ვალერი ასათიანის, ლევან თაქთაქიშვილის, ქეთი თომაძის, თამარ აბაშიძის, მანანა ნინიძის, რამაზ შენგელიას, დემიკო ლოლაძის საოჯახო ალბომებიდან.
653 ## - INDEX TERM--UNCONTROLLED
Uncontrolled term ტაბიძე, გალაკტიონ, 1892-1959.
700 ## - ADDED ENTRY--PERSONAL NAME
Personal name ასათიანი, ვალერი
Relator term შემდგენელი, რედაქტორი.
9 (RLIN) 20463
700 ## - ADDED ENTRY--PERSONAL NAME
Personal name ვეფხვაძე, ვახტანგ
Relator term იდეის ავტორი
9 (RLIN) 13189
700 ## - ADDED ENTRY--PERSONAL NAME
Personal name ლოლაძე, დემიკო
Relator term ფოტოების მომზადება.
9 (RLIN) 6168
700 ## - ADDED ENTRY--PERSONAL NAME
Personal name ბახტაძე, კახა
Relator term დიზაინერი
9 (RLIN) 13595
942 ## - ADDED ENTRY ELEMENTS (KOHA)
Source of classification or shelving scheme
Koha item type წიგნი
ეგზემპლარები
ჩამოწერის სტატუსი დაკარგული ეგზემპლარის სტატუსი კლასიფიკაციის წყარო ან თაროზე გაწყობის სქემა დაზიანების სტატუსი არ გაიცემა მუდმივი მდებარეობა (დაცვის ადგილი) ამჟამინდელი ადგილსამყოფელი თაროზე განთავსების ადგილი შეძენის თარიღი ღირებულება, შესყიდვის ნორმალური ფასი სრული შენახვის შიფრი შტრიხკოდი ბოლო ოპერაციის თარიღი ეგზემპლარის მიმდევრობითი ნომერი (კეტერი?) ფასის ძალაში შესვლის თარიღი ეგზემპლარის სახეობა საჯარო შენიშვნა
          ბათუმის შოთა რუსთაველის სახელმწიფო უნივერსიტეტის მთავარი ბიბლიოთეკა ბათუმის შოთა რუსთაველის სახელმწიფო უნივერსიტეტის მთავარი ბიბლიოთეკა წიგნსაცავი 2023-11-24 12.00 821.353.1-94 კ-46 66940 2023-11-24 66940 2023-11-24 წიგნი 12 ლ.